[Event "24. Torneo San Viator"]
[Site "Madrid ESP"]
[Date "2015.04.19"]
[Round "4.22"]
[White "Fernandez Gil, Ruben Carlos"]
[Black "Caravantes Camacho, Fernando"]
[Result "1-0"]
[WhiteElo "2079"]
[BlackElo "1502"]
[PlyCount "117"]
[EventDate "2015.03.22"]
[EventType "swiss"]
[EventRounds "9"]
[EventCountry "ESP"]
[Source "lmi"]
[SourceDate "2015.03.22"]

1. e4 e6 2. d4 d5 3. Nc3 Bb4 4. a3 Bxc3+ 5. bxc3 dxe4 6. Qg4 Nf6 7. Qxg7 Rg8 8.
Qh6 Nbd7 9. Bg5 Rg6 10. Qh4 c5 11. Ne2 cxd4 12. cxd4 Qa5+ 13. Bd2 Qa4 14. c3 b6
15. Nf4 Rg4 16. Qh6 Ba6 17. h3 Rg8 18. Bxa6 Qxa6 19. g4 Qb5 20. g5 Qxg5 21.
Qxg5 Rxg5 22. Nxe6 fxe6 23. Bxg5 Kf7 24. Rg1 Rg8 25. O-O-O Nd5 26. Kb2 b5 27.
Bh6 Rg6 28. Rxg6 hxg6 29. Re1 N7b6 30. Kc2 Nc4 31. Bc1 Nd6 32. Kb3 Kf6 33. Rg1
Nb7 34. Rg4 Kf5 35. Rg5+ Kf6 36. h4 Na5+ 37. Kc2 Nc4 38. Rg3 Kf5 39. h5 gxh5
40. Rg5+ Kf6 41. Rxh5 a6 42. Rh8 a5 43. Rb8 Nd6 44. Bh6 Nc4 45. Bf8 Kf5 46.
Rxb5 Kf4 47. Rc5 Kf3 48. Rxc4 Kxf2 49. Bh6 e3 50. Rc8 e2 51. Rf8+ Kg2 52. Kd2
Nxc3 53. Be3 Nb1+ 54. Kxe2 Nxa3 55. Kd3 Nb5 56. Ra8 Kf3 57. Rxa5 Nc7 58. Re5
Kg4 59. Bd2 1-0

[Event "24. Torneo San Viator"]
[Site "Madrid ESP"]
[Date "2015.04.19"]
[Round "4.23"]
[White "Hidalgo Prado, David"]
[Black "Lopez De Turiso, Jose Angel"]
[Result "0-1"]
[WhiteElo "1499"]
[BlackElo "2046"]
[PlyCount "98"]
[EventDate "2015.03.22"]
[EventType "swiss"]
[EventRounds "9"]
[EventCountry "ESP"]
[Source "lmi"]
[SourceDate "2015.03.22"]

1. e4 e5 2. Nf3 Nc6 3. Bb5 Bc5 4. d3 Nd4 5. Nxd4 Bxd4 6. c3 Bb6 7. Be3 Bxe3 8.
fxe3 Qh4+ 9. g3 Qh3 10. Qf3 c6 11. Bc4 Nf6 12. Qf1 Qh6 13. Qf3 O-O 14. Nd2 d5
15. Bb3 Bg4 16. Qf2 dxe4 17. Nxe4 Nxe4 18. dxe4 Rad8 19. O-O Qg6 20. Qg2 Qh5
21. Rf2 Rd7 22. Rd2 Bf3 23. Qf2 Rxd2 24. Qxd2 Bxe4 25. Rf1 h6 26. Qf2 Bd5 27.
Bxd5 cxd5 28. e4 dxe4 29. Qxa7 f5 30. Qe3 Rd8 31. Qc5 Rd1 32. b3 Kh7 33. Qxe5
Rxf1+ 34. Kxf1 Qf3+ 35. Ke1 Qh1+ 36. Kd2 Qxh2+ 37. Ke3 Qg1+ 38. Ke2 Qg2+ 39.
Ke1 Qf3 40. a4 Qe3+ 41. Kf1 Qd3+ 42. Ke1 Kg6 43. Qe8+ Kg5 44. Qe7+ Kh5 45. Qh4+
Kg6 46. Qe7 Qxc3+ 47. Kf1 Qf3+ 48. Ke1 Qxg3+ 49. Kd1 Qxb3+ 0-1

[Event "24. Torneo San Viator"]
[Site "Madrid ESP"]
[Date "2015.04.19"]
[Round "4.24"]
[White "Martin Rodriguez, Jose Luis"]
[Black "Tome Vazquez, Oscar"]
[Result "0-1"]
[WhiteElo "1467"]
[BlackElo "1987"]
[PlyCount "76"]
[EventDate "2015.03.22"]
[EventType "swiss"]
[EventRounds "9"]
[EventCountry "ESP"]
[Source "lmi"]
[SourceDate "2015.03.22"]

1. e4 g6 2. d4 Bg7 3. Nc3 d6 4. f4 e6 5. Nf3 Ne7 6. Bd3 Nd7 7. Be3 a6 8. h4 b5
9. a3 Bb7 10. h5 Rc8 11. hxg6 hxg6 12. Rxh8+ Bxh8 13. Ng5 c5 14. dxc5 Nxc5 15.
Be2 Bxc3+ 16. bxc3 Nxe4 17. Qd4 Nf5 18. Qb6 Qxb6 19. Bxb6 Nxg5 20. fxg5 Rxc3
21. Kd2 Rg3 22. Rh1 Bxg2 23. Rh8+ Kd7 24. c4 Kc6 25. Rb8 Rxa3 26. cxb5+ axb5
27. Kc1 b4 28. Bd8 Nd4 29. Bg4 Rc3+ 30. Kb1 Be4+ 31. Ka1 Ra3+ 32. Kb2 Rb3+ 33.
Kc1 Kd5 34. Bd1 Rb1+ 35. Kd2 b3 36. Bf6 e5 37. Bd8 b2 38. Ba4 Ra1 0-1

[Event "24. Torneo San Viator"]
[Site "Madrid ESP"]
[Date "2015.04.19"]
[Round "4.25"]
[White "Del Noval Perez, Jeronimo"]
[Black "Rodriguez Orgaz, Cesar"]
[Result "0-1"]
[WhiteElo "1435"]
[BlackElo "1868"]
[PlyCount "142"]
[EventDate "2015.03.22"]
[EventType "swiss"]
[EventRounds "9"]
[EventCountry "ESP"]
[Source "lmi"]
[SourceDate "2015.03.22"]

1. e4 Nf6 2. e5 Nd5 3. d4 d6 4. c4 Nb6 5. Nf3 Nc6 6. exd6 cxd6 7. Be2 Bg4 8. b3
g6 9. Be3 Bg7 10. Nc3 O-O 11. O-O Nd7 12. Rc1 Nf6 13. Qd2 Re8 14. d5 Bxf3 15.
Bxf3 Ne5 16. Be2 Ned7 17. Bh6 Bh8 18. Rfe1 Ne5 19. h3 Qa5 20. Nb5 Qxd2 21. Bxd2
Rec8 22. f4 Ned7 23. g4 Ne4 24. Be3 a6 25. Nd4 Kf8 26. Bf3 Nef6 27. g5 Ne8 28.
Bg4 Rd8 29. h4 Nc5 30. Rcd1 b5 31. h5 bxc4 32. bxc4 f5 33. Bf3 Bxd4 34. Bxd4
Ra7 35. hxg6 hxg6 36. Bxc5 dxc5 37. Re6 Rd6 38. Rb1 Kf7 39. Re2 Rdd7 40. Reb2
Nd6 41. Be2 Rab7 42. Rxb7 Rxb7 43. Rxb7 Nxb7 44. Bd1 Nd6 45. Bb3 e6 46. dxe6+
Kxe6 47. Kg2 Ne4 48. Kf3 Kd6 49. Ke3 Kc7 50. Ba4 Nd6 51. Bb3 Kb6 52. a4 Ka5 53.
Kd3 Kb4 54. Bd1 a5 55. Bf3 Kxa4 56. Kc3 Ka3 57. Bc6 Ka2 58. Bd5 Kb1 59. Kb3 Kc1
60. Bf3 Kd2 61. Bh5 Ke3 62. Bxg6 Kxf4 63. Bxf5 Nxf5 64. Ka4 Ke4 65. Kxa5 Kd4
66. Kb5 Ne7 67. Kb6 Kxc4 68. Kc7 Kd5 69. Kd7 Nf5 70. Ke8 c4 71. Kf7 Ke5 0-1

[Event "24. Torneo San Viator"]
[Site "Madrid ESP"]
[Date "2015.04.19"]
[Round "4.26"]
[White "Rojo Jorge, Angel"]
[Black "Martin Espeja, Jorge J"]
[Result "0-1"]
[WhiteElo "1400"]
[BlackElo "1830"]
[PlyCount "98"]
[EventDate "2015.03.22"]
[EventType "swiss"]
[EventRounds "9"]
[EventCountry "ESP"]
[Source "lmi"]
[SourceDate "2015.03.22"]

1. Nf3 d5 2. d4 Bf5 3. Bf4 c5 4. Nc3 Nc6 5. dxc5 e6 6. Ne5 Bxc5 7. e3 a6 8. Bd3
Bxd3 9. cxd3 Nxe5 10. Bxe5 Nf6 11. d4 Be7 12. O-O O-O 13. Re1 Rc8 14. e4 Bb4
15. Bxf6 Qxf6 16. Rc1 dxe4 17. Rxe4 Rfd8 18. a3 Bc5 19. Ne2 Ba7 20. Rxc8 Rxc8
21. Rf4 Qg6 22. Nc3 Bb8 23. Rg4 Qh6 24. h3 f5 25. Rg3 Bxg3 26. fxg3 Qe3+ 27.
Kh2 Rd8 28. Qb3 b5 29. a4 bxa4 30. Qxa4 Qxd4 31. Qxa6 Qd6 32. Qc4 Kf7 33. b4
Qd4 34. Qc7+ Rd7 35. Qc8 f4 36. Ne2 fxg3+ 37. Nxg3 Qd6 38. b5 Qc7 39. Qa8 Rd3
40. Kg1 Qxg3 41. Qa7+ Kf6 42. Qa1+ Kg6 43. Qb1 Qe3+ 44. Kh2 Qe5+ 45. Kh1 Qe4
46. Kg1 Qd4+ 47. Kh2 Qd6+ 48. Kh1 Kf7 49. Qf1+ Ke7 0-1

[Event "24. Torneo San Viator"]
[Site "Madrid ESP"]
[Date "2015.04.19"]
[Round "4.27"]
[White "Linares Leyva, David"]
[Black "Rojo Jorge, Luis"]
[Result "1-0"]
[WhiteElo "1782"]
[BlackElo "1433"]
[PlyCount "87"]
[EventDate "2015.03.22"]
[EventType "swiss"]
[EventRounds "9"]
[EventCountry "ESP"]
[Source "lmi"]
[SourceDate "2015.03.22"]

1. Nf3 c5 2. c4 d6 3. d4 cxd4 4. Nxd4 Nf6 5. g3 g6 6. Bg2 Bg7 7. O-O O-O 8. Nc3
Bd7 9. Bxb7 Bh3 10. Bxa8 Bxf1 11. Kxf1 Ng4 12. Kg1 Qb6 13. e3 Ne5 14. b3 Nbc6
15. Bxc6 Nxc6 16. Nd5 Qb7 17. Bb2 Nxd4 18. exd4 e6 19. Ne3 Qb4 20. Qe2 Rd8 21.
Rd1 d5 22. c5 Qb7 23. Ng4 Rc8 24. Ne5 Qc7 25. b4 Rb8 26. a3 Qc8 27. Rc1 a6 28.
Rc2 Rb5 29. Bc1 Rb8 30. Bf4 Rb5 31. Nf3 Qf8 32. Bd6 Qd8 33. Ne5 Qe8 34. c6 Qc8
35. a4 Rb6 36. b5 a5 37. Qf3 f5 38. Bc5 Rb8 39. Nd7 Ra8 40. Nb6 Qd8 41. Nxa8
Qxa8 42. c7 Qc8 43. b6 Qb7 44. Bd6 1-0

[Event "24. Torneo San Viator"]
[Site "Madrid ESP"]
[Date "2015.04.19"]
[Round "4.28"]
[White "Del Noval Nemeshazi, Nesztor"]
[Black "Mora Gonzalez-Rojas, Francisco"]
[Result "1-0"]
[WhiteElo "1770"]
[BlackElo "1586"]
[PlyCount "57"]
[EventDate "2015.03.22"]
[EventType "swiss"]
[EventRounds "9"]
[EventCountry "ESP"]
[Source "lmi"]
[SourceDate "2015.03.22"]

1. e4 e5 2. Nf3 d6 3. d4 exd4 4. Nxd4 Nf6 5. Nc3 Be7 6. Bc4 O-O 7. O-O Bg4 8.
f3 Bh5 9. Nf5 Bg6 10. Nxe7+ Qxe7 11. Bg5 h6 12. Nd5 Qd8 13. Nxf6+ gxf6 14. Bxh6
Re8 15. Qe1 Re5 16. Qg3 Kh7 17. Bxf7 Rg5 18. Bxg5 fxg5 19. Bxg6+ Kxg6 20. h4
Kh6 21. Qxg5+ Qxg5 22. hxg5+ Kxg5 23. f4+ Kg4 24. Rad1 Nc6 25. Rd5 Kh4 26. Rg5
Rf8 27. g3+ Kh3 28. Rf2 Nd4 29. Rh2# 1-0

[Event "24. Torneo San Viator"]
[Site "Madrid ESP"]
[Date "2015.04.19"]
[Round "4.29"]
[White "Ingunza Curro, Andres"]
[Black "De Vicente Guijarro, Juan"]
[Result "0-1"]
[WhiteElo "1311"]
[BlackElo "1757"]
[PlyCount "134"]
[EventDate "2015.03.22"]
[EventType "swiss"]
[EventRounds "9"]
[EventCountry "ESP"]
[Source "lmi"]
[SourceDate "2015.03.22"]

1. e4 d6 2. d4 Nf6 3. Nc3 g6 4. Nf3 Bg7 5. Bc4 O-O 6. Bf4 Nxe4 7. Nxe4 d5 8.
Ned2 dxc4 9. Nxc4 Bg4 10. c3 c6 11. Ne3 Be6 12. O-O Qb6 13. Qc2 Nd7 14. b3 Nf6
15. h3 Nd5 16. Nxd5 cxd5 17. Rad1 Rac8 18. Qd2 Qa5 19. Rc1 Rc6 20. Ne5 Ra6 21.
Rc2 Rc8 22. a4 Bf5 23. Rcc1 f6 24. Nd3 g5 25. Bg3 Bxd3 26. Qxd3 Rac6 27. c4
dxc4 28. bxc4 Qxa4 29. Ra1 Qxc4 30. Qxc4+ Rxc4 31. Rxa7 Rb4 32. Re1 Kf7 33. d5
Rd8 34. Rd1 f5 35. Bc7 Rd7 36. Ba5 Bd4 37. Bxb4 Bxa7 38. d6 Bb8 39. g3 exd6 40.
Re1 d5 41. Kf1 Bd6 42. Bc3 d4 43. Bd2 g4 44. hxg4 fxg4 45. Re4 Bc5 46. Rxg4 Ke6
47. Re4+ Kd5 48. Rf4 b5 49. Rf3 Re7 50. Rb3 Kc4 51. Rb1 Ba3 52. Rd1 d3 53. Bc1
b4 54. Bxa3 bxa3 55. Ra1 d2 56. f3 Re1+ 57. Rxe1 dxe1=Q+ 58. Kxe1 a2 59. Ke2
a1=Q 60. f4 Qd4 61. f5 Qg4+ 62. Ke3 Qxf5 63. Ke2 Qg4+ 64. Kf2 Kd3 65. Kg2 Ke2
66. Kh2 Kf2 67. Kh1 Qh3# 0-1

[Event "24. Torneo San Viator"]
[Site "Madrid ESP"]
[Date "2015.04.19"]
[Round "4.30"]
[White "Martinez Barahona, Ismael"]
[Black "Cuerda Montagud, Tomas"]
[Result "1-0"]
[WhiteElo "1818"]
[BlackElo "1321"]
[PlyCount "59"]
[EventDate "2015.03.22"]
[EventType "swiss"]
[EventRounds "9"]
[EventCountry "ESP"]
[Source "lmi"]
[SourceDate "2015.03.22"]

1. d4 d5 2. Nf3 c6 3. Bf4 Nf6 4. e3 Nbd7 5. h3 e6 6. Nbd2 h6 7. Bd3 c5 8. c3 c4
9. Bc2 Nb6 10. Ne5 Bd6 11. O-O Bxe5 12. dxe5 Nfd7 13. Qg4 g5 14. Bh2 Nf8 15. f4
f5 16. Qh5+ Kd7 17. a4 Qe8 18. Qe2 Kd8 19. a5 Nbd7 20. b3 b5 21. axb6 Nxb6 22.
bxc4 a5 23. cxd5 Nxd5 24. Qd3 Ba6 25. c4 Qc6 26. Qd4 Nd7 27. cxd5 exd5 28. Ba4
Bb5 29. Rfc1 Qxc1+ 30. Rxc1 1-0

[Event "24. Torneo San Viator"]
[Site "Madrid ESP"]
[Date "2015.04.19"]
[Round "4.31"]
[White "Montero Montero, Juan Jose"]
[Black "Vicente Minarro, Pedro"]
[Result "1/2-1/2"]
[WhiteElo "1732"]
[BlackElo "1408"]
[PlyCount "72"]
[EventDate "2015.03.22"]
[EventType "swiss"]
[EventRounds "9"]
[EventCountry "ESP"]
[Source "lmi"]
[SourceDate "2015.03.22"]

1. b3 e5 2. Bb2 Nc6 3. e3 d6 4. Nf3 Bg4 5. h3 Bh5 6. g4 Bg6 7. Bb5 Nf6 8. d4
exd4 9. Nxd4 Qd7 10. Nxc6 bxc6 11. Bd3 Be4 12. f3 Bxd3 13. Qxd3 Nd5 14. Nc3
Nxc3 15. Bxc3 f6 16. O-O-O d5 17. e4 Ba3+ 18. Bb2 Bxb2+ 19. Kxb2 Rd8 20. exd5
cxd5 21. Rhe1+ Kf7 22. Qd4 c6 23. Re3 h5 24. Rde1 Rde8 25. Rxe8 Rxe8 26. Rxe8
Kxe8 27. gxh5 Qxh3 28. Qg4 Qxg4 29. fxg4 Kd7 30. b4 Kd6 31. Kc3 c5 32. bxc5+
Kxc5 33. a3 a5 34. Kd3 d4 35. c3 dxc3 36. Kxc3 a4 1/2-1/2

[Event "24. Torneo San Viator"]
[Site "Madrid ESP"]
[Date "2015.04.19"]
[Round "4.32"]
[White "Blanco Diez, David"]
[Black "Del Noval Nemeshazi, Mario"]
[Result "1-0"]
[WhiteElo "1645"]
[BlackElo "1275"]
[PlyCount "49"]
[EventDate "2015.03.22"]
[EventType "swiss"]
[EventRounds "9"]
[EventCountry "ESP"]
[Source "lmi"]
[SourceDate "2015.03.22"]

1. d4 Nf6 2. c4 g6 3. Nc3 Bg7 4. e4 d6 5. f3 O-O 6. Be3 c6 7. Bd3 d5 8. e5 Ne8
9. f4 f6 10. Nf3 Nc7 11. O-O Nd7 12. Qc2 f5 13. b4 a6 14. c5 Ne6 15. Ng5 Nxg5
16. fxg5 Nxe5 17. dxe5 d4 18. Bc4+ e6 19. Rad1 Bxe5 20. Ne2 Qc7 21. Bf4 Rd8 22.
Bxe5 Qxe5 23. Qd2 Qe4 24. Nf4 Kg7 25. Rfe1 1-0

[Event "24. Torneo San Viator"]
[Site "Madrid ESP"]
[Date "2015.04.19"]
[Round "4.40"]
[White "Espinosa Palacios, Victoriano"]
[Black "Fernandez Sanchez, Lorenzo"]
[Result "0-1"]
[WhiteElo "1505"]
[BlackElo "1833"]
[PlyCount "87"]
[EventDate "2015.03.22"]
[EventType "swiss"]
[EventRounds "9"]
[EventCountry "ESP"]
[Source "lmi"]
[SourceDate "2015.03.22"]

1. e4 c6 2. c4 d5 3. exd5 cxd5 4. cxd5 Nf6 5. Nc3 Nxd5 6. Nf3 e6 7. Bb5+ Bd7 8.
Qa4 Nxc3 9. bxc3 Bxb5 10. Qxb5+ Qd7 11. Qb3 Nc6 12. O-O Be7 13. d4 O-O 14. Be3
Na5 15. Ne5 Nxb3 16. Nxd7 Nxa1 17. Nxf8 Kxf8 18. Rxa1 Rc8 19. Rb1 b6 20. Rc1
Rc4 21. g3 Ke8 22. Kf1 Kd7 23. Ke2 b5 24. Kd3 a6 25. Kc2 Ba3 26. Rb1 Kc6 27.
Bc1 Bxc1 28. Rxc1 b4 29. Kd3 Kd5 30. Rc2 bxc3 31. Rxc3 Rxd4+ 32. Ke3 Rc4 33.
Rd3+ Kc6 34. a3 Kc7 35. Rb3 Rc5 36. Kd4 Rc2 37. Ke3 e5 38. Rd3 f6 39. h4 a5 40.
f4 Rc5 41. f5 a4 42. Ke4 Kb6 43. g4 Rc4+ 44. Kf3 0-1

[Event "24. Torneo San Viator"]
[Site "Madrid ESP"]
[Date "2015.04.19"]
[Round "4.42"]
[White "Jimenez Perez, Federico"]
[Black "Sirera Ripoll, Jose"]
[Result "0-1"]
[WhiteElo "1345"]
[BlackElo "1765"]
[PlyCount "62"]
[EventDate "2015.03.22"]
[EventType "swiss"]
[EventRounds "9"]
[EventCountry "ESP"]
[Source "lmi"]
[SourceDate "2015.03.22"]

1. e4 c5 2. Nf3 d6 3. Bb5+ Bd7 4. Bxd7+ Qxd7 5. O-O Nf6 6. e5 dxe5 7. Nxe5 Qc7
8. d4 e6 9. Nc3 a6 10. Re1 cxd4 11. Qxd4 Bc5 12. Qa4+ Nc6 13. Bf4 Qb6 14. Be3
O-O 15. Bxc5 Qxc5 16. Qf4 Rad8 17. Ne4 Qxe5 18. Qh4 Nxe4 19. Rxe4 Qxb2 20. Rf1
Rd4 21. Rg4 Rxg4 22. Qxg4 Rd8 23. h4 Qxc2 24. h5 Qf5 25. Qe2 h6 26. Rd1 Rxd1+
27. Qxd1 Qd5 28. Qb1 b5 29. g4 Qf3 30. Qc1 Qxg4+ 31. Kf1 Qc4+ 0-1

[Event "24. Torneo San Viator"]
[Site "Madrid ESP"]
[Date "2015.04.19"]
[Round "4.43"]
[White "Vega De Alba, Carlos"]
[Black "Martin Lozano, Miguel Angel"]
[Result "0-1"]
[WhiteElo "1340"]
[BlackElo "1758"]
[PlyCount "51"]
[EventDate "2015.03.22"]
[EventType "swiss"]
[EventRounds "9"]
[EventCountry "ESP"]
[Source "lmi"]
[SourceDate "2015.03.22"]

1. d4 e6 2. c4 f5 3. g3 Nf6 4. Bg2 d5 5. b3 c6 6. Nf3 Bd6 7. O-O Qe7 8. Qc2
Nbd7 9. a3 a5 10. Be3 O-O 11. c5 Bc7 12. Nbd2 Ne4 13. b4 e5 14. Nxe4 fxe4 15.
Nd2 Qf6 16. Qc3 exd4 17. Bxd4 Be5 18. e3 axb4 19. axb4 Rxa1 20. Qxa1 b6 21.
Bxe5 Nxe5 22. cxb6 Bb7 23. Qa7 Qf7 24. f4 Nf3+ 25. Bxf3 Ra8 26. Bh5 0-1

[Event "24. Torneo San Viator"]
[Site "Madrid ESP"]
[Date "2015.04.19"]
[Round "4.44"]
[White "Caamano Jimenez, Luis"]
[Black "Ramos Barbancho, Jose Manuel"]
[Result "1-0"]
[WhiteElo "1756"]
[BlackElo "1455"]
[PlyCount "103"]
[EventDate "2015.03.22"]
[EventType "swiss"]
[EventRounds "9"]
[EventCountry "ESP"]
[Source "lmi"]
[SourceDate "2015.03.22"]

1. d4 Nf6 2. Nf3 d6 3. c4 g6 4. Nc3 Bg7 5. e4 Bg4 6. Be3 Nbd7 7. Be2 O-O 8. O-O
c6 9. Qd2 a6 10. Rab1 Rc8 11. h3 Bxf3 12. Bxf3 Qc7 13. b4 Rfd8 14. Rfc1 Qb8 15.
b5 axb5 16. cxb5 c5 17. a4 b6 18. Qa2 Rc7 19. e5 dxe5 20. dxc5 Nxc5 21. Bxc5
Rxc5 22. Ne4 Rxc1+ 23. Rxc1 Nxe4 24. Bxe4 Bh6 25. Ra1 Rd4 26. Qc2 Qd8 27. g3
Bd2 28. Bg2 Ba5 29. Qe2 Qd6 30. h4 Rd2 31. Qe3 Rd3 32. Qe2 Qd4 33. Ra2 Rxg3 34.
h5 Rd3 35. Rc2 Rd1+ 36. Bf1 Re1 37. h6 Qd7 38. Qc4 Rxf1+ 39. Qxf1 Qg4+ 40. Qg2
Qd1+ 41. Kh2 Qh5+ 42. Qh3 Qxh3+ 43. Kxh3 f6 44. f3 Kf7 45. Rc6 g5 46. Kg4 Kg6
47. Rc7 Kxh6 48. Ra7 Bb4 49. a5 bxa5 50. b6 Bc5 51. Ra6 a4 52. b7 1-0

[Event "24. Torneo San Viator"]
[Site "Madrid ESP"]
[Date "2015.04.19"]
[Round "4.45"]
[White "Rodriguez Varela, Alvaro"]
[Black "Insua Rodriguez, Antonio"]
[Result "0-1"]
[WhiteElo "1745"]
[BlackElo "1415"]
[PlyCount "69"]
[EventDate "2015.03.22"]
[EventType "swiss"]
[EventRounds "9"]
[EventCountry "ESP"]
[Source "lmi"]
[SourceDate "2015.03.22"]

1. e4 e6 2. d4 d5 3. Nc3 Bb4 4. e5 b6 5. a3 Bf8 6. Nf3 Ba6 7. Ne2 c5 8. g3 Nc6
9. c3 cxd4 10. Qa4 Bb7 11. Nexd4 Qd7 12. Bb5 Nge7 13. Bg5 a6 14. Bd3 h6 15. Be3
Ng6 16. Nxc6 b5 17. Qc2 Bxc6 18. Bxg6 d4 19. Be4 dxe3 20. fxe3 Qb7 21. Bxc6+
Qxc6 22. O-O Bc5 23. Nd4 Qb7 24. Qf2 O-O 25. Rad1 Qe4 26. Qf4 Qb7 27. Rd2 Rad8
28. Rfd1 Qb6 29. b4 Be7 30. Qe4 Rc8 31. Rd3 Rc4 32. Qf3 f6 33. Qg4 fxe5 34.
Nxe6 Rxg4 35. Nxf8 0-1

[Event "24. Torneo San Viator"]
[Site "Madrid ESP"]
[Date "2015.04.19"]
[Round "4.46"]
[White "Diaz Del Prado, Carlos"]
[Black "Rodriguez Alonso, Marcos"]
[Result "0-1"]
[WhiteElo "1274"]
[BlackElo "1738"]
[PlyCount "64"]
[EventDate "2015.03.22"]
[EventType "swiss"]
[EventRounds "9"]
[EventCountry "ESP"]
[Source "lmi"]
[SourceDate "2015.03.22"]

1. b3 e5 2. Bb2 Nc6 3. e3 Nf6 4. Bb5 Bd6 5. d3 a6 6. Bxc6 dxc6 7. Nf3 Qe7 8.
O-O O-O 9. Nbd2 b5 10. a4 Bg4 11. h3 Bh5 12. Qc1 Rfe8 13. e4 Nd7 14. Ba3 Nc5
15. Bb2 f6 16. c4 Nxd3 17. Qc3 Nxb2 18. Qxb2 Rad8 19. Nh4 Bb4 20. Ndf3 Bxf3 21.
Nxf3 Rd3 22. Qc2 Red8 23. Rad1 Rxd1 24. Rxd1 Rxd1+ 25. Qxd1 Qd6 26. Qc2 Kf7 27.
Qe2 Qc5 28. Ne1 Bxe1 29. Qxe1 bxa4 30. bxa4 Qxc4 31. a5 c5 32. f3 Qb4 0-1

[Event "24. Torneo San Viator"]
[Site "Madrid ESP"]
[Date "2015.04.19"]
[Round "4.47"]
[White "Serrano Gonzalez, Oscar"]
[Black "Quesada Perez, Jose"]
[Result "1-0"]
[WhiteElo "1725"]
[BlackElo "1464"]
[PlyCount "129"]
[EventDate "2015.03.22"]
[EventType "swiss"]
[EventRounds "9"]
[EventCountry "ESP"]
[Source "lmi"]
[SourceDate "2015.03.22"]

1. d4 d6 2. c4 g6 3. Nc3 Bg7 4. Bg5 Nf6 5. e3 O-O 6. Bd3 Nc6 7. a3 d5 8. Bxf6
exf6 9. cxd5 Ne7 10. Qb3 c6 11. dxc6 Nxc6 12. Nge2 Na5 13. Qd5 Qb6 14. Na4 Qb3
15. Qxb3 Nxb3 16. Rd1 Bd7 17. Nac3 a6 18. Bc2 Na5 19. b4 Nc4 20. a4 Nb2 21. Rc1
Rfc8 22. O-O Bf8 23. Nd5 Rc6 24. b5 axb5 25. axb5 Rd6 26. Nec3 Rc8 27. Ne4 Rxd5
28. Nxf6+ Kg7 29. Nxd5 Bxb5 30. Rfe1 Bc4 31. Nb6 Rc6 32. Nxc4 Rxc4 33. Be4 Ra4
34. Bxb7 Nd3 35. Ra1 Rb4 36. Reb1 Nb2 37. Ra2 Rxb7 38. Raxb2 Rd7 39. Rb7 Rd5
40. Ra1 Rd8 41. Raa7 Bd6 42. Rxf7+ Kg8 43. Rg7+ Kf8 44. Rxh7 Be5 45. g3 Bxd4
46. exd4 Kg8 47. Rag7+ Kf8 48. Rh8+ Kxg7 49. Rxd8 Kf7 50. h4 Ke7 51. Ra8 Ke6
52. g4 Kf6 53. d5 Ke5 54. Re8+ Kxd5 55. h5 gxh5 56. gxh5 Kd6 57. h6 Kd7 58. Re1
Kd6 59. h7 Kd5 60. h8=Q Kc4 61. Qd8 Kc3 62. Rc1+ Kb2 63. Rc7 Kb3 64. Qb8+ Ka4
65. Ra7# 1-0

[Event "24. Torneo San Viator"]
[Site "Madrid ESP"]
[Date "2015.04.19"]
[Round "4.48"]
[White "Castro Uceda, Jose Antonio"]
[Black "Olias Ruiz, Enrique"]
[Result "0-1"]
[WhiteElo "1604"]
[BlackElo "1207"]
[PlyCount "88"]
[EventDate "2015.03.22"]
[EventType "swiss"]
[EventRounds "9"]
[EventCountry "ESP"]
[Source "lmi"]
[SourceDate "2015.03.22"]

1. d4 Nf6 2. c4 e6 3. Nc3 g6 4. e4 Bb4 5. Qc2 Nc6 6. Nf3 O-O 7. Bg5 d6 8. e5
dxe5 9. dxe5 Be7 10. exf6 Bxf6 11. Bxf6 Qxf6 12. Rd1 Qf4 13. Be2 b6 14. O-O Bb7
15. Qe4 Qf6 16. Rd7 Rac8 17. Rc1 Nb8 18. Qxb7 Nxd7 19. Qxa7 Nc5 20. b4 Qf4 21.
Qa3 Ra8 22. Qb2 Na4 23. Nxa4 Rxa4 24. a3 Rd8 25. g3 Qh6 26. Kg2 g5 27. Rd1 Raa8
28. Qe5 g4 29. Ng5 Rxd1 30. Bxd1 Rxa3 31. Ne4 Qh3+ 32. Kg1 Kf8 33. Qf6 Rd3 34.
Be2 Rb3 35. Bf1 Rb1 36. Nd2 Rd1 37. Qd8+ Kg7 38. Qxc7 Qh6 39. Ne4 Qh3 40. Nd2
Qh6 41. Qe5+ f6 42. Qc7+ Kg6 43. Ne4 Kf5 44. Qf4+ Qxf4 0-1

[Event "24. Torneo San Viator"]
[Site "Madrid ESP"]
[Date "2015.04.19"]
[Round "4.49"]
[White "Ingunza Curro, Alvaro"]
[Black "Andres Rodriguez, Florencio"]
[Result "0-1"]
[WhiteElo "1150"]
[BlackElo "1542"]
[PlyCount "96"]
[EventDate "2015.03.22"]
[EventType "swiss"]
[EventRounds "9"]
[EventCountry "ESP"]
[Source "lmi"]
[SourceDate "2015.03.22"]

1. d4 Nf6 2. Nf3 g6 3. Bf4 Bg7 4. e3 O-O 5. Be2 d6 6. O-O Nbd7 7. c3 Re8 8. h3
e5 9. dxe5 dxe5 10. Nxe5 Nxe5 11. Qxd8 Rxd8 12. Bxe5 c6 13. c4 Bf5 14. Nc3 Rd2
15. b4 Rad8 16. Rfd1 Ne4 17. Nxe4 Rxd1+ 18. Rxd1 Rxd1+ 19. Bxd1 Bxe5 20. Bf3
Be6 21. Ng5 Bxc4 22. a3 Bb2 23. a4 Bb3 24. b5 Bxa4 25. bxc6 Bxc6 26. Ne4 b6 27.
Nf6+ Bxf6 28. Bxc6 Kf8 29. Kf1 Ke7 30. Ke2 Bc3 31. Kd3 Bb4 32. Kc4 Bc5 33. Kb5
a5 34. f4 Bxe3 35. g3 f6 36. Kc4 Kd6 37. Kd3 Kxc6 38. Kxe3 a4 39. Kd3 Kc5 40.
Kc3 b5 41. Kb2 Kc4 42. Ka2 b4 43. Kb2 a3+ 44. Ka2 Kc3 45. Kb1 b3 46. Ka1 b2+
47. Kb1 Kb3 48. g4 a2# 0-1

[Event "24. Torneo San Viator"]
[Site "Madrid ESP"]
[Date "2015.04.26"]
[Round "5.1"]
[White "Cervino Rossel, Cristobal"]
[Black "Elissalt Cardenas, Hector"]
[Result "1/2-1/2"]
[WhiteElo "2102"]
[BlackElo "2337"]
[PlyCount "39"]
[EventDate "2015.03.22"]
[EventType "swiss"]
[EventRounds "9"]
[EventCountry "ESP"]
[Source "lmi"]
[SourceDate "2015.03.22"]

1. d4 Nf6 2. Nf3 d5 3. c4 c6 4. Nc3 a6 5. c5 g6 6. Bf4 Bg7 7. e3 Bg4 8. Be2
Bxf3 9. Bxf3 Nbd7 10. Qb3 Ra7 11. Qa3 O-O 12. O-O Ne8 13. Rad1 f5 14. b4 e6 15.
h3 Ra8 16. Qb3 g5 17. Bh2 Nef6 18. a4 h5 19. Be2 g4 20. h4 1/2-1/2

[Event "24. Torneo San Viator"]
[Site "Madrid ESP"]
[Date "2015.04.26"]
[Round "5.2"]
[White "Garcia Galeote, Lorenzo"]
[Black "Andalon Gomez, Carlos J"]
[Result "0-1"]
[WhiteElo "1961"]
[BlackElo "2022"]
[PlyCount "86"]
[EventDate "2015.03.22"]
[EventType "swiss"]
[EventRounds "9"]
[EventCountry "ESP"]
[Source "lmi"]
[SourceDate "2015.03.22"]

1. Nf3 d5 2. b3 e6 3. Bb2 f5 4. g3 Nf6 5. Bg2 Bd6 6. O-O Qe7 7. d3 O-O 8. c4 c6
9. Qc2 Nbd7 10. Nc3 Ne5 11. cxd5 exd5 12. Nd4 Re8 13. e4 fxe4 14. dxe4 Bc5 15.
Na4 Bxd4 16. Bxd4 dxe4 17. Bxe4 Nxe4 18. Qxe4 Bh3 19. Rfd1 Bg4 20. Bxe5 Bxd1
21. f4 Rad8 22. Qc4+ Kh8 23. Nc3 Bg4 24. Ne4 Be6 25. Qc3 Rf8 26. Re1 Bd5 27.
Ng5 h6 28. Nh3 Qd7 29. Nf2 Rf7 30. Rd1 Qf5 31. h3 Rfd7 32. g4 Qf7 33. Re1 Kg8
34. Kh2 Re8 35. Kg3 Rde7 36. Nd3 Qg6 37. f5 Qf7 38. Nf4 Rd8 39. Nh5 Rde8 40. f6
Rxe5 41. Rxe5 Qc7 42. Kf4 g5+ 43. Kf5 Qh7# 0-1

[Event "24. Torneo San Viator"]
[Site "Madrid ESP"]
[Date "2015.04.26"]
[Round "5.3"]
[White "Iturbide Arnedo, Oscar"]
[Black "Julian Serra, Rogelio"]
[Result "1/2-1/2"]
[WhiteElo "2113"]
[BlackElo "1984"]
[PlyCount "52"]
[EventDate "2015.03.22"]
[EventType "swiss"]
[EventRounds "9"]
[EventCountry "ESP"]
[Source "lmi"]
[SourceDate "2015.03.22"]

1. e4 g6 2. d4 Bg7 3. Nc3 d6 4. f4 e6 5. Nf3 Ne7 6. Bd3 a6 7. O-O b5 8. a3 c5
9. dxc5 dxc5 10. e5 O-O 11. a4 b4 12. Ne4 Qc7 13. Nfd2 Bb7 14. b3 Rd8 15. Bb2
Bd5 16. Qf3 Nbc6 17. Qh3 h5 18. Qe3 Nd4 19. Nd6 Qc6 20. N2c4 Nef5 21. Nxf5 Nxf5
22. Qf2 Ra7 23. Rae1 Rad7 24. Re2 Bxc4 25. Bxc4 Nd4 26. Bxd4 Rxd4 1/2-1/2